00429nam a2200181Ia 4500003000400000005001700004008004100021020001400062040000700076041000800083082002300091100002500114245002800139250000600167260004400173300001600217365001400233OSt20230515153451.0210423s2003 xx 000 0 und d a781735149 cAL aeng a616.079223b PAUW aPAUL (William E),Ed. aFundamental immunology. a5 aPhiladelphiabLippincott Williamsc2003 axx,1701bHB b3995cINR